Statistiques concernant Les supermarché les plus en France

Cliquez ici pour prendre le quiz!

Statistiques générales

  • Ce quiz a été pris 507 fois
  • Le résultat moyen est 5 sur 7

Statistiques - réponses

Nombres en FranceSupermarchés% Correct
247Carrefour
96%
681Leclerc
90%
120Auchan
86%
1530Lidl
83%
1835Intermarché
81%
762Super u
70%
199Casinos
12%

Distribution des résultats

Percentile par nombre de réponses

% des personnes avec chaque résultat

Votre développement - résultats

Vous n’avez pas pris ce quiz